History Quiz

Random History Quiz

Nobel Laureates by Picture Quiz Stats

 Plays Quiz Updated Jan 16, 2017

Challenge
Share
Tweet
Score 0/25 Timer 07:00
0 Plays Today
% Correct
Barack Obama
95.8%
Albert Einstein
95.3%
Martin Luther King, Jr.
93.7%
Nelson Mandela
92.9%
Winston Churchill
90.8%
Mother Teresa
89.5%
Jimmy Carter
88.9%
Teddy Roosevelt
84.3%
Al Gore, Jr.
83%
14th Dalai Lama
77.3%
Mikhail Gorbachev
76.8%
Desmond Tutu
76.2%
Yasser Arafat
74.8%
% Correct
Marie Curie
71.4%
Woodrow Wilson
64.2%
Henry Kissinger
63.5%
Ernest Hemingway
62.1%
Kofi Annan
51.2%
Watson and Crick
45%
Lech Walesa
40.1%
Toni Morrison
38.3%
Shimon Peres
30.8%
Paul Krugman
20.7%
Richard Feynman
15.6%
Linus Pauling
12.5%

You're not logged in!

Compare scores with friends on all Sporcle quizzes.
Join for Free
OR
Log In

You Might Also Like...

Show Comments

Extras

Top Quizzes Today


Score Distribution

Your Account Isn't Verified!

In order to create a playlist on Sporcle, you need to verify the email address you used during registration. Go to your Sporcle Settings to finish the process.

Report this User

Report this user for behavior that violates our Community Guidelines.

Details: